000 00641nam a2200145Ia 4500
008 100122s9999 xx 000 0 und d
082 _b68873
_a923.254
100 _aमाहिमकर रवींद्र
245 _aआद्य समाजसुधारक नाम.जगन्नाथ शंकरशेट
260 _bआपलं प्रकाशन
_c2005
300 _a176
630 _aआद्य समाजसुधारक नाम.जगन्नाथ शंकरशेट
730 _aआद्य समाजसुधारक नाम.जगन्नाथ शंकरशेट
942 _cBOOK
999 _c440376
_d440373